• 首页
  • 本馆介绍
  • 公告通知
  • 最新文献
  • 馆藏检索
  • 电子资源
  • 读者导购
  • 参考咨询
  • 我的图书馆
  • 登录
  • 详细信息显示
  • 放入我的书架
  • 预约/预借图书
  • 作者相关作品
  • 分类相关作品
  • 丛书相关作品
  • 出版社相关作品

书目信息

  • 表格格式
  • 工作单格式
  • 卡片格式
题名:
音乐亲子备忘录
    
 
作者: 上海音乐出版社 编
分册:  
出版信息: 上海   上海音乐出版社  2016.8
页数: 50页
开本: 19cm
丛书名:
单 册:
中图分类: J6 , G78
科图分类:
主题词: 音乐教育--儿童教育--教材 , 教育--类型
电子资源:
ISBN: 978-7-5523-1157-0
000 00971nam0 2200253 45
001 012001003627
005 20210924085723.35
010    @a978-7-5523-1157-0@dCNY10.00
100    @a20181027d2016 em y0chiy0110 ea
101 0  @achi
102    @aCN@b310000
105    @ay z 000yy
106    @ar
200 1  @a音乐亲子备忘录@Ayin le qin zi bei wang lu@e小美人鱼@f上海音乐出版社编
210    @a上海@c上海音乐出版社@d2016.8
215    @a50页@d19cm
330    @a《音乐亲自备忘录》是家长和孩子记录每天音乐练习情况的卡通册,以一周7天,每月28-30天为周期,一月一本迪士尼卡通人物陪你玩音乐!整个系列包括男孩、女孩们各自喜爱的动画人物,比如公主系列、疯狂动物城、米奇、赛车总动员、小熊维尼和冰雪奇缘等。推荐搭配《音乐课堂笔记》共同使用。
606 0  @a音乐教育@x儿童教育@j教材
606 0  @a教育@x类型
690    @aJ6@v5
690    @aG78@v3
701  0 @a上海音乐出版社@Ashang hai yin le chu ban she@4编
801  0 @aCN@bAHXH@c20210922
905    @b1327065-9@dG78@e2626:5@f5
    
    音乐亲子备忘录:小美人鱼/上海音乐出版社编.-上海:上海音乐出版社,2016.8
    50页;19cm
    
    
    ISBN 978-7-5523-1157-0:CNY10.00
    《音乐亲自备忘录》是家长和孩子记录每天音乐练习情况的卡通册,以一周7天,每月28-30天为周期,一月一本迪士尼卡通人物陪你玩音乐!整个系列包括男孩、女孩们各自喜爱的动画人物,比如公主系列、疯狂动物城、米奇、赛车总动员、小熊维尼和冰雪奇缘等。推荐搭配《音乐课堂笔记》共同使用。
●
相关链接 在E读中查询图书 在五车中查询图书 在当当中查询图书 在豆瓣中查询图书


正题名:音乐亲子备忘录     索取号:G78/2626:5         预约/预借

序号 登录号 条形码 馆藏地/架位号 状态 备注
1 1327065   213270654   第一样本阅览室/ [索取号:G78/2626:5] 在馆    
2 1327066   213270663   教育系资料室/ [索取号:G78/2626:5] 在馆    
3 1327067   213270672   教育系资料室/ [索取号:G78/2626:5] 在馆    
4 1327068   213270681   第四借阅区/ [索取号:G78/2626:5] 在馆    
5 1327069   213270690   第四借阅区/ [索取号:G78/2626:5] 在馆    
唐山师范学院图书馆 欢迎您!
大连网信软件有限公司© 版权所有